01880naa a2200145 a 450000100080000000500110000800800410001910000110006024501200007126000090019152013870020065300120158765300120159977301230161110802792011-09-13 2002 bl uuuu u00u1 u #d1 aEpagri aProducci??n de alevines de til??pia nilotica Oreochromis niloticus en otono / invierno en la regi??n sur de Brasil. c2002 a: producir alevines de til??pia Nil??tica en el periodo de oto??o / invierno, para realizar terminaci??n en dos ciclos de cultivo, doblando la productividad / a??o. Experimento realizado en el Campo Experimental de Piscicultura de Cambori?? (CEPC/EPAGRI). Larvas revertidas sexualmente con la hormona 17-metil-testosterona por un per??odo de 28 d??as. Experimento desarrollado en 9 estanques de 120 m2 cada y profundidad mediana de 1 metro, con entrada y desag??e controlados e independientes. Densidades: Larvas (300/m2) y Alevines (10/m2). Alevines alimentados con pienso de 36% de prote??na bruta, fornecida dos veces al d??a. Durante la fase de alevine hasta 2,0 g., los peces recibieron un 10% del peso en pienso diario. Por encima de este peso individual, recibieron un 5%, siempre con temperatura del agua por encima a los 180 C. El experimento inicio en 31/05/2001 y termino en 18/08/2001. Resultados: pH mediano en el agua de los estanques de cultivo 7,03; Valores de amonio total 1,5 y 2,0 mg/l: Transparencia mediana en el agua 47 cm. An??lisis estad??sticas utilizadas: Crecimiento y consumo diario (modelo de regresi??n linear); Confirmaci??n teste de t. Tasa de supervivencia mediana de alevines 55,11%; Peso mediano individual 5,59 g. Los resultados posibilitan ofrecer alevines para inicio del primer ciclo de cultivo de terminaci??n en el mes de septiembre. aAlevino aTilapia tIn: CONGRESO LAINOAMERICANO DE ACUICULTURA, 2002, Coquimbo. [Anais...]. Coquimbo: Universidad de Coquimbo, 2002. p. 1.